[Event "AUTO-OPEN-1504"]
[Site "http://www.queenalice.com/game.php?id=567691"]
[Date "2009.4.6"]
[Round "1"]
[White "ribeiroBR"]
[Black "csegura"]
[Result "1-0"]
[WhiteElo "1990"]
[BlackElo "1303"]

1. e4 e5 2. Nf3 f6 3. d4 c6 4. dxe5 Bb4+ 5. c3 Bc5 6. b4 Bb6 7. Bc4 fxe5 8. Bg5
Nf6 9. O-O d5 10. exd5 h6 11. Bh4 cxd5 12. Bb5+ Nbd7 13. Nxe5 O-O 14. Bxd7 Bxd7
15. Nd2 Re8 16. Bxf6 gxf6 17. Nxd7 Qxd7 18. a4 d4 19. Nf3 Rac8 20. cxd4 Red8 21.
Qb3+ Kg7 22. Rae1 Bxd4 23. Rd1 a6 24. Rxd4 Qf7 25. Qxf7+ Kxf7 26. Rxd8 Rxd8 27.
h3 Rb8 28. Rc1 Rd8 29. Rc7+ Ke8 30. Rxb7 h5 31. Rb6 Rd1+ 32. Kh2 f5 33. Rxa6 f4
34. b5 1-0

[Event "AUTO-INT-1263"]
[Site "http://www.queenalice.com/game.php?id=567738"]
[Date "2009.4.6"]
[Round "1"]
[White "csegura"]
[Black "dwrogers"]
[Result "0-1"]
[WhiteElo "1320"]
[BlackElo "1654"]

1. d4 d5 2. c3 Nc6 3. f3 Bf5 4. e4 dxe4 5. fxe4 Bxe4 6. Nd2 Qd5 7. Qa4 Bxg2 8.
c4 Qxd4 9. Ndf3 Qe4+ 10. Be2 Bxh1 11. Qb5 O-O-O 12. b4 Bxf3 13. Nxf3 a6 14. Qc5
Qc2 15. b5 Qc3+ 16. Bd2 Qxa1+ 17. Bd1 e6 18. Qg5 axb5 19. cxb5 Nd4 20. Nxd4 Rxd4
21. Qe5 Qb2 22. b6 Qxb6 23. Ba5 Bb4+ 24. Bxb4 Qxb4+ 25. Kf2 Nf6 0-1

[Event "AUTO-INT-1263"]
[Site "http://www.queenalice.com/game.php?id=567739"]
[Date "2009.4.6"]
[Round "1"]
[White "dwrogers"]
[Black "csegura"]
[Result "1-0"]
[WhiteElo "1657"]
[BlackElo "1317"]

1. e4 e5 2. Bc4 f6 3. Nf3 Bb4 4. O-O c6 5. Nh4 d5 6. exd5 cxd5 7. Bb5+ Bd7 8.
Bxd7+ Qxd7 9. Qh5+ g6 10. Nxg6 hxg6 11. Qxh8 Qf7 12. Nc3 d4 13. Ne4 f5 14. Ng5
Qd5 15. Re1 f4 16. Rxe5+ Qxe5 17. Qxe5+ Ne7 18. Qh8+ Kd7 19. Qxd4+ Bd6 20. Qa4+
Nbc6 21. d4 a6 22. Nf7 b5 23. Qb3 Nf5 24. Qh3 f3 25. Qxf3 1-0

[Event "AUTO-INT-1263"]
[Site "http://www.queenalice.com/game.php?id=567740"]
[Date "2009.4.6"]
[Round "1"]
[White "csegura"]
[Black "donnybaby"]
[Result "0-1"]
[WhiteElo "1315"]
[BlackElo "1898"]

1. e4 e6 2. f3 c6 3. c3 Qc7 4. d4 Be7 5. Qa4 b5 6. Qb3 a5 7. Ne2 a4 8. Qc2 d5 9.
exd5 exd5 10. g3 g6 11. f4 h5 12. b4 Bf5 13. Qd2 Nf6 14. h4 Nbd7 15. Na3 Bg4 16.
Bg2 Bxe2 17. Qxe2 Ng4 18. O-O Ndf6 19. Re1 Ra7 20. Bb2 Nh6 21. c4 bxc4 22. b5 c5
23. dxc5 Qxc5+ 24. Kf1 Nf5 25. Bxf6 Nxg3# 0-1

[Event "AUTO-INT-1263"]
[Site "http://www.queenalice.com/game.php?id=567741"]
[Date "2009.4.6"]
[Round "1"]
[White "donnybaby"]
[Black "csegura"]
[Result "1-0"]
[WhiteElo "1949"]
[BlackElo "1323"]

1. e3 e5 2. c3 f6 3. Bd3 c6 4. Qh5+ g6 5. Bxg6+ Ke7 6. Bc2 d5 7. Ne2 Qd7 8. d4
Na6 9. dxe5 fxe5 10. Qxe5+ Kf7 11. Qxh8 Bg7 12. Qxh7 Nc5 13. c4 dxc4 14. Qh5+
Ke7 15. Qxc5+ Qd6 16. Qxd6+ Kxd6 17. Bg6 c5 18. Nbc3 b5 19. Nxb5+ Kd5 20. Nc7+
Kc6 21. Nxa8 Bg4 22. Be4+ Kd7 23. Bd5 Nf6 24. Bb7 c3 25. Nxc3 Nh5 26. O-O Be5
27. f3 Bf5 28. Rd1+ 1-0

[Event "mais uma?"]
[Site "http://www.queenalice.com/game.php?id=619265"]
[Date "2009.7.15"]
[Round "-"]
[White "kavalheiro"]
[Black "csegura"]
[Result "1-0"]
[WhiteElo "1447"]
[BlackElo "1313"]

1. e3 e5 2. Qh5 g6 3. Qxe5+ Be7 4. Bc4 d6 5. Qb5+ c6 6. Qb3 d5 7. Bd3 Bg5 8. Nf3
f5 9. Ne5 f4 10. e4 d4 11. Qf7# 1-0

[Event "AUTO-OPEN-1704"]
[Site "http://www.queenalice.com/game.php?id=658708"]
[Date "2009.9.27"]
[Round "1"]
[White "csegura"]
[Black "zolaweed"]
[Result "0-1"]
[WhiteElo "1321"]
[BlackElo "1976"]

1. e4 e5 2. f3 Bc5 3. c3 d6 4. d4 exd4 5. cxd4 Bb6 6. Bb5+ Nd7 7. Qb3 c6 8. Ba4
Ba5+ 9. Nd2 b5 10. Qa3 bxa4 0-1

[Event "AUTO-OPEN-1704"]
[Site "http://www.queenalice.com/game.php?id=658709"]
[Date "2009.9.27"]
[Round "1"]
[White "zolaweed"]
[Black "csegura"]
[Result "1-0"]
[WhiteElo "2028"]
[BlackElo "1276"]

1. e4 e5 2. Nc3 f6 3. Qf3 c6 4. Bc4 d5 5. exd5 Ne7 6. dxc6 bxc6 7. d3 Qa5 8. Ne2
c5 9. Bb5+ Nbc6 10. Bxc6+ Bd7 11. Bxa8 1-0